| Поле | Инд. | ПП | Название | Значение |
|---|---|---|---|---|
| Тип записи | a | |||
| Библиографический уровень | m | |||
| 001 | Контрольный номер | ddb523c7-a6d4-46a0-a93a-e905a8fd5a47 | ||
| 005 | Дата корректировки | 20150828103724.2 | ||
| 008 | Кодируемые данные | 000718 d | ||
| 020 | c | Цена, тираж | 4698.00 | |
| 040 | a | Служба первич. каталог. | НБ ТвГУ | |
| 080 | a | Индекс УДК | 57:007 | |
| 084 | a | Индекс другой классификации/Индекс ББК | З818 | |
| 090 | c | Каталожный индекс | З818 | |
| a | Полочн. индекс | З818 | ||
| x | Авторский знак | Л 64 | ||
| 100 | 1_ | a | Автор | Литинецкий Изот Борисович |
| q | Полное имя | Литинецкий И. Б. | ||
| 245 | 0_ | a | Заглавие | Изобретатель - природа |
| b | Продолж. заглавия | (о некоторых аспектах бионики) | ||
| 250 | a | Основные сведения об издании | 2-е изд., перераб. и доп. | |
| 260 | 0_ | a | Место издания | Москва |
| b | Издательство | Знание | ||
| c | Дата издания | 1986 | ||
| 300 | a | Объем | 208 с. | |
| b | Иллюстрации/ тип воспроизводства | ил. | ||
| c | Размеры | 16 см | ||
| 440 | _0 | a | Серия | Народный университет |
| 440 | _0 | a | Серия | Естественнонаучный факультет |
| 583 | a | Действие | Получение впервые 354 10.11.97 | |
| k | Исполнитель действия | Дар Ивановой В.В. и Лобановой Т.Д. | ||
| 650 | 04 | a | Основная рубрика | Бионика |
| 653 | 0_ | a | Ключевые слова | Бионика |
| a | Ключевые слова | Биометеорология | ||
| a | Ключевые слова | Биосейсмология | ||
| a | Ключевые слова | Землетрясения | ||
| a | Ключевые слова | Прогноз погоды | ||
| 852 | 41 | t | Порядковый номер экземпляра | 1 |
| p | Инвентарный номер | 689164 | ||
| 888 | a | Бесплатные | ||
| 901 | t | Тип документа | m | |
| 920 | a | Оператор | Ава | |
| a | Оператор | Густ | ||
| 952 | p | 354 4698.00 1 689164 | ||
| c | Вид литературы | К рн | ||
| 954 | a | Дата поступления на обработку | 11.11.97 | |
| 999 | a | Подразделение 2 | Фил3 |